| 000 | 01509namaa22003491i 4500 | ||
|---|---|---|---|
| 003 | EG-GICUC | ||
| 005 | 20260429160524.0 | ||
| 008 | 260429s1986 le ||||jr|||| 000 0 ara d | ||
| 040 |
_aEG-GiCUC _bara _cEG-GiCUC _dEG-GiCUC _erda |
||
| 043 | _ama----- | ||
| 082 | 0 | 4 |
_221 _a811.5 _bM9922sha |
| 092 | 0 | 4 |
_221 _a811.5 _bM9922sha |
| 099 | _a811.5 M9922sha | ||
| 100 | 1 |
_aالمتنبى، أبو الطيب أحمد بن الحسين _d915 or 916-965 _eمؤلف. |
|
| 245 | 1 | 0 |
_aشرح ديوان المتنبى / _cوضعه عبد الرحمن البرقوقى |
| 250 | _aالطبعة الاولى | ||
| 264 |
_aبيروت (لبنان) : _bدار الكتاب العربى، _c1986. |
||
| 300 |
_aمجلدات 4 فى 2 _b؛ _c24 سم |
||
| 336 |
_2rdacontent _atext |
||
| 337 |
_2rdamedia _aUnmediated |
||
| 338 |
_2rdacarrier _avolume |
||
| 500 | _aوقد امتازت هذه الطبعة بالدقة والتبسط والاستيعاب | ||
| 504 | _aيشتمل على ارجاعات ببليوجرافية | ||
| 541 |
_aد. جابر عصفور ؛ _bالقاهرة ؛ _cإهداء ؛ _d2024. |
||
| 600 |
_aالمتنبى، أبو الطيب أحمد بن الحسين _d915 or 916-965 |
||
| 650 | 1 | 7 |
_aالشعر العربى _xتاريخ ونقد _yالعصر العباسى الثانى _2qrmak |
| 650 | 1 | 7 |
_aالشعر العربى _xقصائد ودواوين _2qrmak |
| 651 | 1 | _2qrmak | |
| 700 | 1 |
_aالبرقوقى، عبد الرحمن _eمجمع. |
|
| 905 | _aNermeen | ||
| 942 |
_2ddc _cBK _e21 _n0 |
||
| 999 |
_c179819 _d179819 |
||